000
00256nam a22001217a 4500
003
SGT
082
_a
340,THI
100
_a
THILAGARAJ,R.
245
_a
TRAFFICKING AND HIV
260
_a
MADRAS
_b
UNIVERSITY OF MADRAS
_c
2010
300
_a
143
942
_2
ddc
_c
BK
999
_c
11150
_d
11150